LEADER 00932nam0-22002891i-450- 001 990000106630403321 035 $a000010663 035 $aFED01000010663 035 $a(Aleph)000010663FED01 035 $a000010663 100 $a20011111d--------km-y0itay50------ba 101 0 $aita 105 $ay-------001yy 200 1 $aCours d'artillerie$fG. Piobert$grédigée d'après les cahiers et les le?ns du professeur par Didion et De Saulcy. 210 $aBruxelles$cMeline$dCans et C.$d1844- 215 $av.$d22 cm 300 $aPartie théorique. XLII, 247 p., 4 tav. : ill. - In testa al front.: Ecole d' application de l'artillerie et du génie 676 $a623.51 700 1$aPiobert,$bG.$06922 801 0$aIT$bUNINA$gRICA$2UNIMARC 901 $aBK 912 $a990000106630403321 952 $a13 AR 29 A 73$b1966$fFINBC 959 $aFINBC 996 $aCours d'artillerie$9115878 997 $aUNINA DB $aING01 LEADER 01121nam--2200385---450- 001 990000463050203316 010 $a88-359-5007-4 035 $a0046305 035 $aUSA010046305 035 $a(ALEPH)000046305USA01 035 $a0046305 100 $a20010523d2001----km-y0itay0103----ba 101 0 $aita 102 $aIT 105 $a||||||||001yy 200 1 $a<>odore dei soldi$eorigini e misteri delle fortune di Silvio Berlusconi$fElio Veltri, Marco Travaglio 210 $aRoma$cEditori riuniti$d2001 215 $a347 p.$d21 cm 225 2 $aPrimo piano 410 0$12001 606 $aBerlusconi, Silvio 676 $a338.644092 700 1$aVELTRI,$bElio$0251498 701 1$aTRAVAGLIO,$bMarco$0139980 801 0$aIT$bsalbc$gISBD 912 $a990000463050203316 951 $aIEP VI 318$b29238 G.$cIEP VI$d00073583 959 $aBK 969 $aGIU 979 $aCHIARA$b40$c20010523$lUSA01$h0931 979 $aCHIARA$b40$c20010523$lUSA01$h0942 979 $c20020403$lUSA01$h1654 979 $aPATRY$b90$c20040406$lUSA01$h1632 996 $aOdore dei soldi$9889406 997 $aUNISA